[Event "Chessable Masters Play-In"]
[Site "chess.com INT"]
[Date "2024.01.31"]
[Round "4"]
[White "Predke, A."]
[Black "Santos Latasa, J."]
[Result "1/2-1/2"]
[WhiteElo "2668"]
[BlackElo "2615"]
[PlyCount "46"]
[EventDate "2024.01.31"]

1. d4 Nf6 2. c4 e6 3. Nf3 d5 4. Bg5 dxc4 5. Nc3 a6 6. a4 h6 7. Bxf6 Qxf6 8. e3 c5 9. Bxc4 cxd4 10. exd4 Bb4 11. O-O O-O 12. Ne4 $146 ({RR} 12. Rc1 Nc6 13. Qd3 Rd8 14. Rfd1 b6 15. Qe4 Bb7 16. Bd3 Bd6 17. Qh7+ Kf8 18. Ne4 Qf4 19. Ng3 Ne7 20. Qh8+ Ng8 21. Bh7 Ke7 22. Qxg7 Bxf3 23. gxf3 Nf6 24. Bg6 Nd5 25. Bh5 Rg8 26. Qh7 Rg5 {Mandiza,F (2377)-Rohde,M (2343) New York 2022 ½-½ (41)}) 12... Qe7 13. Ne5 Rd8 14. Qd3 Nc6 15. Nxc6 bxc6 16. Qe3 a5 17. Rad1 Ba6 18. b3 Bb7 19. Nc5 Rd6 20. Nd3 Bc3 21. Nc5 Bb4 22. Nd3 Bc3 23. Nc5 Bb4 1/2-1/2

[Event "Interzonal-16"]
[Site "Biel"]
[Date "1993.??.??"]
[Round "7"]
[White "Nikolic, Predrag"]
[Black "Akopian, Vladimir Eduardovic"]
[Result "1/2-1/2"]
[WhiteElo "2625"]
[BlackElo "2600"]
[PlyCount "41"]
[EventDate "1993.07.16"]
[EventType "swiss"]
[EventRounds "13"]
[EventCountry "SUI"]
[SourceTitle "CBM 037"]
[Source "ChessBase"]
[SourceDate "1993.12.01"]
[SourceVersion "1"]
[SourceVersionDate "1993.12.01"]
[SourceQuality "1"]

1. d4 d5 2. c4 c6 3. Nf3 Nf6 4. e3 e6 5. Nbd2 Nbd7 6. Bd3 Bd6 7. O-O O-O 8. e4 e5 9. cxd5 cxd5 10. exd5 exd4 11. Ne4 Nxe4 12. Bxe4 Nf6 13. Qxd4 Nxe4 14. Qxe4 Re8 15. Qd3 Qf6 16. Bg5 ({RR} 16. Be3 Bf5 17. Qd2 Be4 {½-½ (17) Kasparov,G (2815)-Kramnik,V (2780) Moscow 1998}) ({RR} 16. Bd2 Bf5 17. Qd4 Qxd4 18. Nxd4 Be4 19. Nb5 Be5 20. Nc3 {½-½ (20) Graf,A (2580)-Akopian,V (2600) Luzern 1993}) 16... Qxb2 17. Rfb1 Qe2 18. Qxe2 $146 ({RR} 18. Qc3 Bf5 19. Re1 Qd3 20. Qxd3 Bxd3 21. Be3 h6 22. Red1 Bc2 23. Rd2 Be4 24. Rad1 f5 25. Rb2 b6 26. Rb5 f4 27. Bd4 Rac8 28. Ne1 Bf5 29. Kf1 Rc4 30. f3 Bd7 31. Rb2 Ba4 32. Rdd2 Bb4 {Holm,S (2274)-Aryan,C (2051) Budapest 2012 0-1 (38)}) 18... Rxe2 19. Be3 Rc2 20. a4 Rc7 21. Nd4 1/2-1/2

[Event "Carlos Torre Wimbledon 15th"]
[Site "Merida"]
[Date "2002.12.21"]
[Round "4"]
[White "Milov, Vadim"]
[Black "Filippov, Valerij"]
[Result "1/2-1/2"]
[WhiteElo "2620"]
[BlackElo "2615"]
[PlyCount "41"]
[EventDate "2002.12.13"]
[EventType "k.o."]
[EventRounds "4"]
[EventCountry "MEX"]
[SourceTitle "CBM 093"]
[Source "ChessBase"]
[SourceDate "2003.04.01"]
[SourceVersion "1"]
[SourceVersionDate "2003.04.01"]
[SourceQuality "1"]

1. d4 d5 2. c4 e6 3. Nf3 Nf6 4. Bg5 h6 5. Bxf6 Qxf6 6. e3 Nd7 7. Nbd2 g6 8. Qc2 c6 9. Bd3 Bg7 10. O-O O-O 11. cxd5 exd5 12. b4 Qd6 13. Rab1 a5 14. a3 axb4 $146 ({RR} 14... Rd8 15. Rfc1 Nf8 16. Nb3 axb4 17. axb4 Bg4 18. Nfd2 Rdc8 19. Qc5 Qd8 20. Ra1 Bd7 21. Qd6 Ne6 22. Nc5 Nxc5 23. bxc5 Bf8 24. Qg3 b6 25. cxb6 Rxa1 26. Rxa1 Qxb6 {½-½ (26) Wang,Y (2644)-Vitiugov,N (2596) Yerevan 2006}) 15. axb4 Ra3 16. Rfc1 b6 17. e4 Bb7 18. exd5 cxd5 19. Qc7 Qxc7 20. Rxc7 Bc8 21. Rb3 1/2-1/2

[Event "Agzamov Memorial 14th"]
[Site "Tashkent"]
[Date "2021.08.19"]
[Round "5"]
[White "Sargsyan, Shant"]
[Black "Abdusattorov, Nodirbek"]
[Result "1/2-1/2"]
[WhiteElo "2626"]
[BlackElo "2634"]
[PlyCount "42"]
[EventDate "2021.08.16"]
[EventType "swiss"]
[EventRounds "9"]
[EventCountry "UZB"]
[SourceTitle "CBM 203 Extra"]
[Source "ChessBase"]
[SourceDate "2021.09.30"]
[SourceVersion "1"]
[SourceVersionDate "2021.09.30"]
[SourceQuality "1"]

1. d4 e6 2. c4 d5 3. Nf3 a6 4. g3 dxc4 5. Bg2 b5 6. Ne5 c6 7. a4 Bb7 8. O-O Nf6 9. axb5 axb5 10. Rxa8 Bxa8 11. Nc3 Be7 12. Nxb5 cxb5 13. Bxa8 O-O 14. Bg2 Bd6 $146 ({RR} 14... Qc7 15. Qc2 Bd6 16. f4 Qb6 17. e3 Na6 18. h3 Nb4 19. Qb1 Qa6 20. Bd2 Qa4 21. g4 Qb3 22. g5 Nfd5 23. e4 Ne3 24. Rf3 Qd1+ 25. Qxd1 Nxd1 26. b3 Bxe5 27. fxe5 Nd3 28. Bf1 N1b2 29. Bc3 {Kamarova,Z (1775)-Voronaya,E (1474) Cheliabinsk 2022 1-0 (60)}) 15. Bg5 h6 16. Bxf6 Qxf6 17. f4 Qd8 18. e3 Na6 19. Qh5 Nc7 20. Nc6 Qe8 21. Kf2 Kh7 1/2-1/2

[Event "Titled Tue 19th Mar Early"]
[Site "chess.com INT"]
[Date "2024.03.19"]
[Round "4"]
[White "Andreikin, D."]
[Black "Kuzubov, Y."]
[Result "1-0"]
[WhiteElo "2729"]
[BlackElo "2605"]
[PlyCount "41"]
[EventDate "2024.03.19"]

1. c4 e6 2. Nf3 d5 3. d4 Nf6 4. Bg5 Be7 5. e3 O-O 6. Qc2 h6 7. Bxf6 Bxf6 8. h4 c5 9. g4 cxd4 10. g5 Qa5+ 11. Nbd2 dxe3 12. fxe3 Be7 13. gxh6 Nc6 $146 ({RR} 13... Bf6 14. hxg7 Bxg7 15. Ng5 f5 16. cxd5 exd5 17. Rg1 Nc6 18. h5 Kh8 19. O-O-O Qxa2 20. h6 Bf6 21. h7 Bd7 22. Qb1 Qa4 23. Bd3 Nb4 {0-1 (23) Rees,I (2262)-Franc,B (2282) chess.com INT 2024}) 14. Rg1 Bf6 15. hxg7 Rd8 16. Ng5 Bxg5 17. Rxg5 e5 18. Bd3 f5 19. Bxf5 Bxf5 20. Qxf5 Rd6 21. Rh5 1-0

[Event "Antwerp"]
[Site "Antwerp"]
[Date "1993.??.??"]
[Round "4"]
[White "Polugaevsky, Lev"]
[Black "Kortschnoj, Viktor Lvovich"]
[Result "1/2-1/2"]
[WhiteElo "2605"]
[BlackElo "2625"]
[PlyCount "42"]
[EventDate "1993.08.??"]
[EventType "tourn"]
[EventRounds "9"]
[EventCountry "BEL"]
[EventCategory "13"]
[SourceTitle "CBM 037"]
[Source "ChessBase"]
[SourceDate "1993.12.01"]
[SourceVersion "1"]
[SourceVersionDate "1993.12.01"]
[SourceQuality "1"]

1. d4 Nf6 2. c4 e6 3. Nf3 d5 4. e3 a6 5. Nbd2 c5 6. b3 cxd4 7. exd4 Nc6 8. Bb2 g6 9. Be2 Bg7 10. O-O O-O 11. Ne5 Nd7 12. Nxc6 bxc6 13. Nf3 $146 ({RR} 13. Rc1 a5 14. Nf3 Qb6 15. Qd2 Rd8 16. Qf4 Ba6 17. Bd3 Re8 {½-½ (17) Therrien,A (2239)-Wells,P (2499) High Wycombe 2012}) 13... Qa5 14. Qc2 Bb7 15. Rfd1 Rfc8 16. Bc3 Qc7 17. Qd2 Nf6 18. Ba5 Ne4 19. Bxc7 Nxd2 20. Bb6 Nxf3+ 21. Bxf3 Bh6 1/2-1/2

[Event "EU-ch 8th"]
[Site "Dresden"]
[Date "2007.04.13"]
[Round "10"]
[White "Laznicka, Viktor"]
[Black "Jakovenko, Dmitrij"]
[Result "1/2-1/2"]
[WhiteElo "2608"]
[BlackElo "2708"]
[PlyCount "39"]
[EventDate "2007.04.03"]
[EventType "swiss"]
[EventRounds "11"]
[EventCountry "GER"]
[SourceTitle "CBM 118"]
[Source "ChessBase"]
[SourceDate "2007.05.31"]
[SourceVersion "1"]
[SourceVersionDate "2007.05.31"]
[SourceQuality "1"]

1. d4 d5 2. c4 e6 3. Nf3 c6 4. Qc2 Nf6 5. Bg5 Nbd7 6. e3 Qa5+ 7. Nbd2 c5 8. dxc5 Qxc5 9. a3 dxc4 10. Bxc4 b5 11. b4 Qc7 12. Bd3 Qxc2 13. Bxc2 a5 14. O-O Nd5 $146 ({RR} 14... axb4 15. axb4 Rxa1 16. Rxa1 Bxb4 17. Rb1 Bxd2 18. Nxd2 h6 19. Bxf6 Nxf6 20. Rxb5 Ke7 {½-½ (20) Sikora,J (2222)-Sikorova,O (2271) Kouty nad Desnou 2012}) 15. Bd3 axb4 16. axb4 Rb8 17. Rfc1 f6 18. Bh4 Bxb4 19. Bxb5 Ke7 20. Bf1 1/2-1/2

[Event "FIDE World Cup"]
[Site "Khanty-Mansiysk"]
[Date "2009.11.25"]
[Round "2.2"]
[White "Milos, Gilberto"]
[Black "Vitiugov, Nikita"]
[Result "1/2-1/2"]
[WhiteElo "2603"]
[BlackElo "2694"]
[PlyCount "36"]
[EventDate "2009.11.21"]
[EventType "k.o."]
[EventRounds "7"]
[EventCountry "RUS"]
[SourceTitle "CBM 134"]
[Source "ChessBase"]
[SourceDate "2010.01.18"]
[SourceVersion "1"]
[SourceVersionDate "2010.01.18"]
[SourceQuality "1"]

1. d4 Nf6 2. c4 e6 3. Nf3 d5 4. e3 Nbd7 5. Bd3 dxc4 6. Bxc4 a6 7. a4 b6 8. Nc3 Bb7 9. O-O Bb4 10. Qb3 Qe7 11. Bd2 O-O 12. Ne4 $146 ({RR} 12. Rac1 Rad8 13. Rfd1 Bd6 14. Be1 e5 15. Nd5 Bxd5 16. Bxd5 e4 17. Nd2 Nxd5 18. Qxd5 Nf6 19. Qc6 Nd5 20. Nf1 a5 21. Qb5 Qe6 22. Rc6 f5 23. g3 Rf6 24. Bd2 Kh8 25. Rb1 Qf7 26. Re1 Rf8 {Mateuta,G (2408)-Raceanu,V (2339) Bucharest 2002 0-1 (57)}) 12... Bxd2 13. Nexd2 c5 14. dxc5 Qxc5 15. Rfc1 Rac8 16. Nd4 Qd6 17. Be2 Nc5 18. Qa3 Nce4 1/2-1/2

[Event "FIDE-Wch k.o."]
[Site "Las Vegas"]
[Date "1999.08.03"]
[Round "2.1"]
[White "Andersson, Ulf"]
[Black "Zvjaginsev, Vadim"]
[Result "1/2-1/2"]
[WhiteElo "2623"]
[BlackElo "2652"]
[PlyCount "36"]
[EventDate "1999.07.31"]
[EventType "k.o."]
[EventRounds "7"]
[EventCountry "USA"]
[SourceTitle "CBM 072"]
[Source "ChessBase"]
[SourceDate "1999.10.01"]
[SourceVersion "1"]
[SourceVersionDate "1999.10.01"]
[SourceQuality "1"]

1. Nf3 d5 2. d4 Nf6 3. c4 e6 4. g3 dxc4 5. Qa4+ c6 6. Qxc4 b5 7. Qc2 Bb7 8. Bg2 Nbd7 9. O-O c5 10. Bg5 Rc8 11. dxc5 Bxc5 12. Qd3 Qb6 13. Bxf6 Nxf6 14. Nc3 a6 15. Ng5 Bxg2 16. Kxg2 Qb7+ 17. Kg1 $146 ({RR} 17. Nce4 Ke7 18. f3 Qd5 19. Rfd1 Qxd3 20. Rxd3 Nd5 21. f4 Rhd8 22. Nxc5 Rxc5 23. Kf3 f5 24. Rad1 h6 25. Nh3 Rdc8 26. Nf2 Rc2 27. R3d2 g5 28. Nd3 g4+ 29. Kf2 Rxd2 30. Rxd2 Nf6 31. Rd1 Ne4+ {Kukov,V (2365)-Saric,A (2505) Plovdiv 2008 ½-½ (52)}) 17... O-O 18. Nce4 Nxe4 1/2-1/2

[Event "Vlissingen HZ op 21st"]
[Site "Vlissingen"]
[Date "2017.08.10"]
[Round "7"]
[White "Iturrizaga Bonelli, Eduardo"]
[Black "Landa, Konstantin"]
[Result "1/2-1/2"]
[WhiteElo "2662"]
[BlackElo "2623"]
[PlyCount "35"]
[EventDate "2017.08.05"]
[EventType "swiss"]
[EventRounds "9"]
[EventCountry "NED"]
[SourceTitle "CBM 179 Extra"]
[Source "ChessBase"]
[SourceDate "2017.08.23"]
[SourceVersion "1"]
[SourceVersionDate "2017.08.23"]
[SourceQuality "1"]

1. d4 d5 2. c4 e6 3. g3 dxc4 4. Bg2 c5 5. d5 exd5 6. Bxd5 Nc6 7. Bxc6+ bxc6 8. Qa4 $146 ({RR} 8. Qxd8+ Kxd8 9. Nc3 Bd6 10. Ne4 Be7 11. Bf4 Bf5 12. O-O-O+ Ke8 13. Nd6+ Bxd6 14. Bxd6 Nf6 15. f3 c3 16. e4 cxb2+ 17. Kxb2 Be6 18. Ne2 Kd7 19. Nf4 Bc4 20. Bf8+ Kc7 21. Bxg7 Nd7 22. Bxh8 Rxh8 {Sun,C (2235)-Ha,Y (2093) Dongtai CHN 2025 1-0 (42)}) 8... Qb6 9. Nc3 Qa6 10. Qc2 Nf6 11. Nf3 Be7 12. Bg5 h6 13. Bxf6 Bxf6 14. Ne4 Be7 15. O-O O-O 16. Ne5 Be6 17. Rfc1 Rab8 18. e3 1/2-1/2

[Event "EU-chT (Men) 14th"]
[Site "Plovdiv"]
[Date "2003.10.15"]
[Round "5.1"]
[White "Graf, Alexander"]
[Black "Lautier, Joel"]
[Result "1/2-1/2"]
[WhiteElo "2646"]
[BlackElo "2666"]
[PlyCount "31"]
[EventDate "2003.10.10"]
[EventType "team-swiss"]
[EventRounds "9"]
[EventCountry "BUL"]
[SourceTitle "CBM 098"]
[Source "ChessBase"]
[SourceDate "2004.02.03"]
[SourceVersion "1"]
[SourceVersionDate "2004.02.03"]
[SourceQuality "1"]
[WhiteTeam "Germany"]
[BlackTeam "France"]
[WhiteTeamCountry "GER"]
[BlackTeamCountry "FRA"]

1. d4 d5 2. Nf3 Nf6 3. c4 e6 4. g3 dxc4 5. Qa4+ c6 6. Qxc4 b5 7. Qd3 Bb7 8. Bg2 Nbd7 9. O-O ({RR} 9. a4 a6 {½-½ (15) Mendonca,M (2332)-Quintiliano Pinto,R (2364) Sao Paulo 2014}) 9... a6 10. a4 c5 11. dxc5 Bxc5 12. axb5 Be4 13. Qb3 Bd5 14. Qd3 Be4 15. Qb3 Bd5 16. Qd3 $146 1/2-1/2

[Event "Moscow Aeroflot op-A 15th"]
[Site "Moscow"]
[Date "2016.03.06"]
[Round "6"]
[White "Dubov, Daniil"]
[Black "Zvjaginsev, Vadim"]
[Result "1/2-1/2"]
[WhiteElo "2634"]
[BlackElo "2662"]
[PlyCount "31"]
[EventDate "2016.03.01"]
[EventType "swiss"]
[EventRounds "9"]
[EventCountry "RUS"]
[SourceTitle "CBM 171"]
[Source "ChessBase"]
[SourceDate "2016.03.14"]
[SourceVersion "2"]
[SourceVersionDate "2016.03.14"]
[SourceQuality "1"]

1. d4 d5 2. c4 e6 3. Nf3 Nd7 4. g3 dxc4 5. Bg2 Rb8 6. a4 b6 7. O-O Bb7 8. Nbd2 Ngf6 9. Nxc4 Be7 10. Bd2 a5 11. Qb3 O-O 12. Rfd1 Bd5 13. Bf4 Qc8 14. Nfe5 Nxe5 15. Bxe5 $146 ({RR} 15. Bxd5 Nxd5 16. Nxe5 Qe8 17. Qb5 Rc8 18. Rac1 Bd6 19. Bd2 Bxe5 20. dxe5 c5 21. Qc4 Qc6 22. b3 Rfd8 23. e4 Nb4 24. Bf4 h6 25. Rd6 Rxd6 26. exd6 Rd8 27. Rd1 Qb7 28. e5 Qf3 29. Rd2 g5 {Novozhilov,S (2473)-Melnikov,F (2278) Baku AZE 2026 0-1 (41)}) 15... Qb7 16. Bxd5 1/2-1/2

[Event "Keres Memorial"]
[Site "Tallinn/Parnu"]
[Date "1998.06.22"]
[Round "4"]
[White "Andersson, Ulf"]
[Black "Lautier, Joel"]
[Result "1/2-1/2"]
[WhiteElo "2635"]
[BlackElo "2645"]
[PlyCount "30"]
[EventDate "1998.06.19"]
[EventType "tourn"]
[EventRounds "9"]
[EventCountry "EST"]
[EventCategory "15"]
[SourceTitle "CBM 066"]
[Source "ChessBase"]
[SourceDate "1998.09.30"]
[SourceVersion "1"]
[SourceVersionDate "1998.09.30"]
[SourceQuality "1"]

1. Nf3 d5 2. d4 Nf6 3. c4 e6 4. g3 dxc4 5. Qa4+ c6 6. Qxc4 b5 7. Qc2 Bb7 8. Bg2 Nbd7 9. a4 c5 10. O-O b4 11. Bg5 Rc8 12. dxc5 Bxc5 13. Qd3 O-O 14. Nbd2 h6 15. Be3 Qb6 $146 ({RR} 15... Nd5 16. Bd4 Qb6 17. Bxc5 Nxc5 18. Qd4 Rfd8 19. Qh4 Ba6 20. Rfe1 b3 21. Nd4 Nb4 22. Rec1 Nc2 23. Nxc2 Rxd2 24. Nb4 g5 25. a5 Qb5 26. Qxh6 Qxb4 27. Qxg5+ Kf8 28. Rc3 Qd4 29. Rac1 Rd1+ 30. Rxd1 {D'Costa,L (2445)-Kotanjian,T (2568) Budva 2009 0-1 (51)}) 1/2-1/2

[Event "Olympiad-35"]
[Site "Bled"]
[Date "2002.11.05"]
[Round "10.2"]
[White "Xu, Jun"]
[Black "Grischuk, Alexander"]
[Result "1/2-1/2"]
[WhiteElo "2643"]
[BlackElo "2702"]
[PlyCount "30"]
[EventDate "2002.10.26"]
[EventType "team-swiss"]
[EventRounds "14"]
[EventCountry "SLO"]
[SourceTitle "EXT 2003"]
[Source "ChessBase"]
[SourceDate "2002.11.25"]
[SourceVersion "1"]
[SourceVersionDate "2002.11.25"]
[SourceQuality "1"]
[WhiteTeam "China"]
[BlackTeam "Russia"]
[WhiteTeamCountry "CHN"]
[BlackTeamCountry "RUS"]

1. d4 ({RR} 1. Nf3 Nf6 2. c4 e6 3. g3 d5 4. Bg2 dxc4 5. Qa4+ c6 6. Qxc4 b5 7. Qb3 Bb7 {½-½ (15) Bellia,F (2393)-Teh,E (2228) Forni di Sopra 2014}) 1... d5 2. Nf3 ({RR} 2. c4 e6 3. Nf3 c6 4. Qc2 dxc4 5. Qxc4 Nf6 {½-½ (15) Stein,R (2429)-Haba,P (2437) Marianske Lazne CZE 2024}) 2... Nf6 3. c4 c6 4. Qb3 e6 5. g3 dxc4 6. Qxc4 b5 7. Qb3 Bb7 8. Bg2 a6 9. a4 Nbd7 10. O-O c5 11. axb5 Bd5 12. Qc2 Be4 13. Qb3 Bd5 14. Qc2 Be4 15. Qb3 Bd5 $146 1/2-1/2

[Event "Bundesliga 0809"]
[Site "Germany"]
[Date "2009.03.29"]
[Round "15.1"]
[White "Parligras, Mircea Emilian"]
[Black "Khenkin, Igor"]
[Result "1/2-1/2"]
[WhiteElo "2611"]
[BlackElo "2647"]
[PlyCount "30"]
[EventDate "2008.10.03"]
[EventType "team-tourn"]
[EventRounds "15"]
[EventCountry "GER"]
[SourceTitle "CBM 129 Extra"]
[Source "ChessBase"]
[SourceDate "2009.05.05"]
[SourceVersion "2"]
[SourceVersionDate "2009.05.20"]
[SourceQuality "1"]
[WhiteTeam "Trier"]
[BlackTeam "Tegernsee"]
[WhiteTeamCountry "GER"]
[BlackTeamCountry "GER"]

1. d4 ({RR} 1. c4 e6 2. Nf3 d5 3. g3 Nf6 4. Bg2 dxc4 5. Qa4+ c6 6. Qxc4 b5 7. Qb3 Bb7 {½-½ (15) Shumiakina,T (2324)-Zhukova,N (2490) St Petersburg 2009}) 1... Nf6 2. Nf3 d5 3. c4 e6 4. g3 dxc4 5. Qa4+ c6 6. Qxc4 b5 7. Qb3 Bb7 8. Bg2 Nbd7 9. O-O a6 10. a4 c5 11. axb5 Bd5 12. Qc2 Be4 13. Qb3 Bd5 14. Qc2 Be4 15. Qb3 Bd5 $146 1/2-1/2

[Event "TCh-POL Ekstraliga 2025"]
[Site "Chotowa POL"]
[Date "2025.06.06"]
[Round "5.1"]
[White "Maurizzi, Marc'Andria"]
[Black "Bluebaum, M."]
[Result "1/2-1/2"]
[WhiteElo "2607"]
[BlackElo "2663"]
[PlyCount "27"]
[EventDate "2025.06.02"]
[WhiteTeam "SzSON ZAGLEBIE Dabrowa Gornicza"]
[BlackTeam "KSz Silesia Raciborz"]

1. d4 d5 2. c4 e6 3. Nf3 Nf6 4. g3 Bb4+ 5. Nbd2 a5 6. Bg2 a4 7. O-O Nc6 8. Qc2 O-O 9. a3 Be7 10. Rd1 Bd7 11. e4 dxe4 12. Nxe4 Nxe4 13. Qxe4 Na5 14. Qe2 $146 ({RR} 14. Ne5 Be8 15. Be3 f6 16. Nd3 Nxc4 17. Nf4 Nd6 18. Qxe6+ Bf7 19. Qh3 f5 20. d5 Bg5 21. Rac1 Re8 22. g4 Re5 23. gxf5 Rxf5 24. Ne6 Bxe6 25. dxe6 Qe7 26. Rxd6 Bxe3 27. fxe3 {1-0 (27) Oparin,G (2667)-Petkov,M (2515) Bucharest ROU 2023}) 1/2-1/2

[Event "EU-ch 17th"]
[Site "Gjakova"]
[Date "2016.05.20"]
[Round "8"]
[White "Zubov, Alexander"]
[Black "Nisipeanu, Liviu Dieter"]
[Result "1/2-1/2"]
[WhiteElo "2612"]
[BlackElo "2669"]
[PlyCount "22"]
[EventDate "2016.05.12"]
[EventType "swiss"]
[EventRounds "11"]
[EventCountry "KOS"]
[SourceTitle "CBM 173"]
[Source "ChessBase"]
[SourceDate "2016.07.12"]
[SourceVersion "1"]
[SourceVersionDate "2016.07.12"]
[SourceQuality "1"]

1. d4 Nf6 2. c4 e6 3. Nf3 d5 4. e3 a6 5. b3 c5 6. Bb2 Nc6 7. cxd5 exd5 8. Nbd2 cxd4 9. Nxd4 Bd6 10. Be2 O-O 11. O-O Qe7 $146 ({RR} 11... Re8 12. Rc1 Ne5 13. N2f3 Ne4 14. h3 Bd7 15. Nxe5 Bxe5 16. Bd3 Rc8 17. Qe2 Bb8 18. Nf3 Qe7 19. Rfd1 Bc6 20. Bb1 Qc7 21. Qd3 Qe7 22. Qd4 {1-0 (22) Assylov,M (2326)-Brancaleoni,M (2180) chess.com INT 2024}) 1/2-1/2